Marketing für Sinfonieorchester dissertation der Hochschule St. Gallen ...

Guardado en:
Detalles Bibliográficos
Autor principal: Giller, Jan C.
Formato: Libro
Lenguaje:alemán
Publicado: St. Gallen Die Hochschule St. Gallen 1992
Materias:
Etiquetas: Agregar Etiqueta
Sin Etiquetas, Sea el primero en etiquetar este registro!

MARC

LEADER 00000nam a2200000 4500
001 c105654
005 20250509095922.9
041 0 |a ger 
044 |a CH 
245 1 0 |a Marketing für Sinfonieorchester  |b dissertation der Hochschule St. Gallen ...  |c Jan C. Giller 
264 1 |a St. Gallen  |b Die Hochschule St. Gallen  |c 1992 
300 |a 258 s. 
610 2 0 |a marketing 
610 2 0 |a nástroje marketingové 
610 2 0 |a hudba 
610 2 0 |a kultúra 
610 2 0 |a výskum ekonomický 
610 2 0 |a umenie 
610 2 0 |a financovanie 
610 2 0 |a analýzy 
610 2 0 |a zákazníci 
610 2 0 |a konkurencia 
610 2 0 |a segmentácia trhu 
610 2 0 |a produkty 
610 2 0 |a tvorba cien 
610 2 0 |a dopyt 
610 2 0 |a komunikácia 
610 2 0 |a distribúcia 
610 2 0 |a sponzorovanie 
610 2 0 |a marketing mix 
610 2 0 |a organizácie neziskové 
100 1 |a Giller, Jan C.